000 00806nac a22002897a 4500
001 BR9402420
003 BR-BrBNA
005 20240105121516.0
008 230509b bl.|||m| |||| 00| 0 por d
040 _aBR-BrBNA
_bpor
_cBiblioteca Nacional de Agricultura
072 _aE11
090 _aE11 BR9402420
100 1 _aRomeiro, A.
100 1 _aReydon, B.P.
110 1 _aInstituto de Pesquisa Economica Aplicada, Brasilia, DF (Brasil)
245 1 _aO mercado de terras
260 3 _aBrasilia, DF (Brasil):
_c1994.
300 _a204 p.
490 _aEstudos de Politica Agricola (Brazil)
_vno. 13
_x
500 _a46 ref.
650 _aTerra
650 _aPreco
650 _aMercado
650 _aArrendamento
909 _a202312
_bLúcia Elande
_c55
_dLúcia Elande
942 _2AGRIS
_n0
_cMS
999 _c285701
_d285701